01223nam a2200325Ia 4500001001200000003000800012006001900020007001500039008004100054020001500095020001500110020001800125020001800143020001800161040002100179035002100200050002600221245010900247260006400356300001500420504005300435533015200488650002800640650001500668655002900683700002500712710001700737856012600754999001700880ebr10567070CaPaEBRm u cr cn|||||||||980728s1998 enk sb 001 0 eng d z185396395X z1853964131 z9781446264867 z9781853963957 z9781853964138 aCaPaEBRcCaPaEBR a(OCoLC)62969726514aLB2806b.M2133 1998eb00aEffective school leadershiph[electronic resource] :bresponding to change /c[edited by] John MacBeath. aLondon :bPaul Chapman ;aThousand Oaks, CA :bSAGE,c1998. axv, 176 p. aIncludes bibliographical references and indexes. aElectronic reproduction.bPalo Alto, Calif. :cebrary,d2011.nAvailable via World Wide Web.nAccess may be limited to ebrary affiliated libraries. 0aEducational leadership. 0aEducation. 7aElectronic books.2local1 aMacBeath, John E. C.2 aebrary, Inc.40uhttp://site.ebrary.com/lib/rucke/Doc?id=10567070zAn electronic book accessible through the World Wide Web; click to view c93190d93190